000 00613nam a2200229Ia 4500
003 OSt
005 20220924114249.0
006 a|||||r|||| 00| 0
007 ta
008 220923b |||||||| |||| 00| 0 pan d
024 _a42275
037 _cTextual
040 _aARTS
_cARTS
_bpan
041 _2pan
_apan
082 _aO153,1M72,LH, H8 (EPP)
100 _aVir Singh
_9172701
245 0 _aLahar hulare
260 _aAmritsar
_bKhalsa Samachar
_c1958
650 _aENGLISH LITERATURE
942 _hO153,1M72,LH, H8 (EPP)
_cTEXL
_2CC
999 _c392753
_d392753